Liberalism and its encounters in India: some interdisciplinary approaches (Record no. 1227573)

MARC details
000 -LEADER
fixed length control field 00765nam a2200229Ia 4500
005 - DATE AND TIME OF LATEST TRANSACTION
control field 20241129110151.0
008 - FIXED-LENGTH DATA ELEMENTS--GENERAL INFORMATION
fixed length control field 241129s9999||||xx |||||||||||||| ||und||
020 ## - INTERNATIONAL STANDARD BOOK NUMBER
International Standard Book Number 978-1-032-76871-7
037 ## - SOURCE OF ACQUISITION
Stock number TB
040 ## - CATALOGING SOURCE
Original cataloging agency ARTS
Language of cataloging eng
Transcribing agency ARTS
041 ## - LANGUAGE CODE
Language code of text/sound track or separate title eng
Source of code eng
084 ## - COLON CLASSIFICATION NUMBER
Classification number W6:511.2 R4
Assigning agency ARTS
100 ## - MAIN ENTRY--PERSONAL NAME
Personal name Krishnaswamy R. Ed.; Majumder Atreyee Ed.
9 (RLIN) 727445
245 #0 - TITLE STATEMENT
Title Liberalism and its encounters in India: some interdisciplinary approaches
Statement of responsibility, etc. Krishnaswamy R. Ed.; Majumder Atreyee Ed.
260 ## - PUBLICATION, DISTRIBUTION, ETC.
Place of publication, distribution, etc. UK
Name of publisher, distributor, etc. Routledge
Date of publication, distribution, etc. 2023
300 ## - PHYSICAL DESCRIPTION
Extent viii,149p.
365 ## - TRADE PRICE
Price type code INR
Price amount 1295
490 ## - SERIES STATEMENT
Series statement Ethics, human rights, and global political thought
650 ## - SUBJECT ADDED ENTRY--TOPICAL TERM
Topical term or geographic name entry element Political ScienceDemocracy
9 (RLIN) 726228
942 ## - ADDED ENTRY ELEMENTS (KOHA)
Koha item type Textbook
Classification part W6:511.2 R4
Holdings
Withdrawn status Lost status Damaged status Not for loan Home library Current library Date acquired Source of acquisition Cost, normal purchase price Inventory number Total Checkouts Full call number Barcode Date last seen Price effective from Koha item type
        Arts Library Arts Library 2024-11-29 Classic Book Service 1295.00 266 & 23/01/2024   W6:511.2 R4 AL1803607 2024-11-29 2024-11-29 Textbook
Copyright @ Delhi University Library System